<?xml version="1.0" encoding="UTF-8"?>
<record
    xmlns:xsi="http://www.w3.org/2001/XMLSchema-instance"
    xsi:schemaLocation="http://www.loc.gov/MARC21/slim http://www.loc.gov/standards/marcxml/schema/MARC21slim.xsd"
    xmlns="http://www.loc.gov/MARC21/slim">

  <leader>01257cam a2200241 a 4500</leader>
  <controlfield tag="001">78672</controlfield>
  <controlfield tag="003">BD-RjUL</controlfield>
  <controlfield tag="005">20211209083147.0</controlfield>
  <controlfield tag="008">950315s1991    le       b    000 0 ara  </controlfield>
  <datafield tag="035" ind1=" " ind2=" ">
    <subfield code="a">(BD-RjUL)78898</subfield>
  </datafield>
  <datafield tag="040" ind1=" " ind2=" ">
    <subfield code="a">DLC-R</subfield>
    <subfield code="c">DLC-R</subfield>
    <subfield code="b">eng</subfield>
  </datafield>
  <datafield tag="041" ind1=" " ind2=" ">
    <subfield code="a">ara</subfield>
  </datafield>
  <datafield tag="082" ind1=" " ind2=" ">
    <subfield code="2">23</subfield>
    <subfield code="a">892.71</subfield>
    <subfield code="b">ABS 1991</subfield>
  </datafield>
  <datafield tag="100" ind1="0" ind2=" ">
    <subfield code="a">&#x623;&#x628;&#x648; &#x62A;&#x645;&#x627;&#x645; &#x62D;&#x628;&#x64A;&#x628; &#x628;&#x646; &#x623;&#x648;&#x633; &#x627;&#x644;&#x637;&#x627;&#x626;&#x64A;.&#x200F; ;; Ab&#x16B; al-&#x2BB;Al&#x101;&#x2BC; al-Ma&#x2BB;arr&#x12B;,</subfield>
    <subfield code="d">973-1057.</subfield>
    <subfield code="9">249481</subfield>
  </datafield>
  <datafield tag="245" ind1="1" ind2="0">
    <subfield code="a">&#x634;&#x631;&#x62D; &#x62F;&#x64A;&#x648;&#x627;&#x646; &#x62D;&#x645;&#x627;&#x633;&#x629; &#x623;&#x628;&#x64A; &#x62A;&#x645;&#x627;&#x645; ;; Shar&#x1E25; d&#x12B;w&#x101;n &#x1E24;am&#x101;sat Ab&#x12B; Tamm&#x101;m /</subfield>
    <subfield code="c">&#x627;&#x644;&#x645;&#x646;&#x633;&#x648;&#x628; &#x644;&#x623;&#x628;&#x64A; &#x627;&#x644;&#x639;&#x644;&#x627;&#x621; &#x627;&#x644;&#x645;&#x639;&#x631;&#x64A; &#x61B; &#x62F;&#x631;&#x627;&#x633;&#x629; &#x648;&#x62A;&#x62D;&#x642;&#x64A;&#x642; &#x62D;&#x633;&#x64A;&#x646; &#x645;&#x62D;&#x645;&#x62F; &#x646;&#x642;&#x634;&#x629;.;;al-mans&#x16B;b li-Ab&#x12B; al-&#x2BB;Al&#x101;&#x2BC; al-Ma&#x2BB;arr&#x12B; ; dir&#x101;sat wa-ta&#x1E25;q&#x12B;q &#x1E24;usayn Mu&#x1E25;ammad Naqshah.</subfield>
  </datafield>
  <datafield tag="260" ind1=" " ind2=" ">
    <subfield code="a"> &#x628;&#x64A;&#x631;&#x648;&#x62A;&#x60C; &#x644;&#x628;&#x646;&#x627;&#x646; :&#x200F; ;; Bayr&#x16B;t, Lubn&#x101;n :</subfield>
    <subfield code="b">D&#x101;r al-Gharb al-Isl&#x101;m&#x12B;,</subfield>
    <subfield code="c">1991.</subfield>
  </datafield>
  <datafield tag="300" ind1=" " ind2=" ">
    <subfield code="a">2 v. (1321 p.) ;</subfield>
    <subfield code="c">25 cm.</subfield>
  </datafield>
  <datafield tag="504" ind1=" " ind2=" ">
    <subfield code="a">Includes bibliographical references </subfield>
  </datafield>
  <datafield tag="600" ind1="0" ind2="0">
    <subfield code="a">&#x627;&#x628;&#x648; &#x62A;&#x645;&#x627;&#x645; &#x62D;&#x628;&#x64A;&#x628; &#x628;&#x646; &#x623;&#x648;&#x633; &#x627;&#x644;&#x637;&#x627;&#x626;.&#x200F; ;'; Ab&#x16B; Tamm&#x101;m &#x1E24;ab&#x12B;b ibn Aws al-&#x1E6C;&#x101;&#x2BC;&#x12B;,</subfield>
    <subfield code="d">active 808-842.</subfield>
    <subfield code="t">&#x1E24;am&#x101;sah;;.&#x62D;&#x645;&#x627;&#x633;&#x629;.</subfield>
    <subfield code="9">249485</subfield>
  </datafield>
  <datafield tag="700" ind1="1" ind2=" ">
    <subfield code="a">Naqshah, &#x1E24;usayn Mu&#x1E25;ammad.</subfield>
    <subfield code="9">249483</subfield>
  </datafield>
  <datafield tag="700" ind1="0" ind2="2">
    <subfield code="a">Ab&#x16B; Tamm&#x101;m &#x1E24;ab&#x12B;b ibn Aws al-&#x1E6C;&#x101;&#x2BC;&#x12B;,</subfield>
    <subfield code="d">active 808-842.</subfield>
    <subfield code="9">249486</subfield>
  </datafield>
  <datafield tag="942" ind1=" " ind2=" ">
    <subfield code="2">ddc</subfield>
    <subfield code="c">BK</subfield>
  </datafield>
  <datafield tag="999" ind1=" " ind2=" ">
    <subfield code="c">78672</subfield>
    <subfield code="d">78672</subfield>
  </datafield>
  <datafield tag="952" ind1=" " ind2=" ">
    <subfield code="0">0</subfield>
    <subfield code="1">0</subfield>
    <subfield code="2">ddc</subfield>
    <subfield code="4">0</subfield>
    <subfield code="7">1</subfield>
    <subfield code="8">NFIC</subfield>
    <subfield code="a">RUCL</subfield>
    <subfield code="b">RUCL</subfield>
    <subfield code="c">Reading</subfield>
    <subfield code="d">2021-10-31</subfield>
    <subfield code="l">0</subfield>
    <subfield code="o">A 892.71 ABS V-3-4 1991</subfield>
    <subfield code="r">2021-10-31 00:00:00</subfield>
    <subfield code="t">C-1</subfield>
    <subfield code="w">2021-10-31</subfield>
    <subfield code="y">BK</subfield>
  </datafield>
</record>
